Pequeñas mujeres rojas / (Record no. 190600)

MARC details
000 -LEADER
campo de control de longitud fija 00805nam a2200253 i 4500
001 - NÚMERO DE CONTROL
campo de control 190600
003 - IDENTIFICADOR DE NÚMERO DE CONTROL
campo de control ES-MaACL
005 - FECHA Y HORA DE LA ÚLTIMA TRANSACCIÓN
campo de control 20250111062533.0
008 - DATOS DE LONGITUD FIJA--INFORMACIÓN GENERAL
campo de control de longitud fija 220112s2020 sp 001 f spa
020 ## - NÚMERO INTERNACIONAL ESTÁNDAR DEL LIBRO
Número Internacional Estándar del Libro 978-84-339-9896-5
080 ## - NÚMERO DE LA CLASIFICACIÓN DECIMAL UNIVERSAL
Número de la Clasificación Decimal Universal 821.134.2-31"19"
100 1# - ENTRADA PRINCIPAL--NOMBRE DE PERSONA
Nombre de persona Sanz, Marta.
9 (RLIN) 103591
245 10 - MENCIÓN DEL TÍTULO
Título Pequeñas mujeres rojas /
Mención de responsabilidad, etc. Marta Sanz.
250 ## - MENCION DE EDICION
Mención de edición 1ª ed.
260 ## - PUBLICACIÓN, DISTRIBUCIÓN, ETC.
Lugar de publicación, distribución, etc. Barcelona :
Nombre del editor, distribuidor, etc. Anagrama,
Fecha de publicación, distribución, etc. 2020.
300 ## - DESCRIPCIÓN FÍSICA
Extensión 340 p. ;
Dimensiones 22 cm.
490 1# - MENCIÓN DE SERIE
Mención de serie Narrativas hispánicas ;
Designación de volumen o secuencia 642
830 10 - PUNTO DE ACCESO ADICIONAL DE SERIE-TÍTULO UNIFORME
Título uniforme Narrativas hispánicas (Anagrama)
Designación de volumen o secuencia 642
9 (RLIN) 178124
852 4# - LOCALIZACIÓN
Ubicación ES-MaACL
Número de control de estantería A-14862
itemnumber 197778
Sublocalización o colección R.153041
Ubicación en estantería Depósito 1
Signatura antigua Olim: N-7862
Donativo/Legado Donación: Roberta Ann Quance
903 ## - NOMBRE PERSONAL DE DONANTE
9 94482
a Quance, Roberta Ann
e Donante
942 ## - ELEMENTOS DE ENTRADA SECUNDARIOS (KOHA)
Fuente del sistema de clasificación o colocación Clasificación decimal universal
Tipo de ítem Koha Libro impreso
Holdings
Estatus retirado Estado de pérdida Fuente del sistema de clasificación o colocación Estado de daño No para préstamo Biblioteca de origen Biblioteca actual Ubicación en estantería Fecha de adquisición Fuente de adquisición Total de préstamos Signatura topográfica completa Código de barras Visto por última vez Precio de reemplazo Tipo de ítem Koha
    Clasificación decimal universal     Biblioteca del Ateneo de Madrid Biblioteca del Ateneo de Madrid Depósito 1 12/01/2022 Donación   A-14862 1202817 23/02/2023 23/02/2023 Libro impreso